Texas : (Record no. 379)

MARC details
000 -LEADER
fixed length control field 00675cam a2200241 a 4500
005 - DATE AND TIME OF LATEST TRANSACTION
control field 20260322212017.0
008 - FIXED-LENGTH DATA ELEMENTS--GENERAL INFORMATION
fixed length control field data
010 ## - LIBRARY OF CONGRESS CONTROL NUMBER
LC control number 86050062
020 ## - INTERNATIONAL STANDARD BOOK NUMBER
International Standard Book Number 094239416X :
Terms of availability {dollar}34.95
020 ## - INTERNATIONAL STANDARD BOOK NUMBER
International Standard Book Number 9780942394160 :
Terms of availability {dollar}34.95
040 ## - CATALOGING SOURCE
Original cataloging agency DLC
Transcribing agency DLC
Modifying agency DLC
043 ## - GEOGRAPHIC AREA CODE
Geographic area code n-us-tx
050 00 - LIBRARY OF CONGRESS CALL NUMBER
Classification number TR660.5
Item number .B66 1986
082 00 - DEWEY DECIMAL CLASSIFICATION NUMBER
Classification number 779/.36/0924
Edition information 19
092 ## - LOCALLY ASSIGNED DEWEY CALL NUMBER (OCLC)
Classification number 779 B66 1986
001 - CONTROL NUMBER
control field data
100 1# - MAIN ENTRY--PERSONAL NAME
Personal name Bones, Jim.
245 10 - TITLE STATEMENT
Title Texas :
Remainder of title images of the landscape /
Statement of responsibility, etc. Jim Bones.
260 ## - PUBLICATION, DISTRIBUTION, ETC.
Place of publication, distribution, etc. Englewood, Colo. :
Name of publisher, distributor, etc. Westcliffe Publishers,
Date of publication, distribution, etc. c1986.
300 ## - PHYSICAL DESCRIPTION
Extent 192 p. :
Other physical details col. ill. ;
Dimensions 37 cm.
650 #0 - SUBJECT ADDED ENTRY--TOPICAL TERM
Topical term or geographic name entry element Landscape photography
Geographic subdivision Texas.
651 #0 - SUBJECT ADDED ENTRY--GEOGRAPHIC NAME
Geographic name Texas
General subdivision Pictorial works.
Holdings
Withdrawn status Lost status Damaged status Not for loan Home library Current library Shelving location Date acquired Total checkouts Full call number Barcode Date last seen Price effective from Koha item type
        Centerville Centerville General stacks 22/03/2026   779/.36/0924 19 BC0010389 22/03/2026 22/03/2026 Books